000
00300nam a2200109Ia 4500
005
20251222152712.0
008
251222s9999||||xx |||||||||||||| ||spa||
082
_a
869.56/C27
100
_a
Carvallo de Nuñez, Carlota
245
0
_a
Primera Colección de Biografías para Niños y Niñas
942
_c
LIB
999
_c
29235
_d
29235